000 00707nam a2200217 a 4500
001 BRCA_956
005 20190320203225.0
008 950323s1997 mx-a---##b---#000-0#spa-#
020 _a9687009578
040 _aDLC
_cDLC
050 4 _aHD1471.M4
_b.R46 1997
100 1 _aRendón Garcini, Ricardo
_93164
245 1 0 _aVida cotidiana en las haciendas de México
_ctexto Ricardo Rendón Garcini.
260 _aMéxico
_bFomento Cultural Banamex
_c1997
300 _a384 p.
_bil. a color
_c33 cm.
500 _aIncluye índice de ilustraciones
504 _aBibliografía: p. 375-376
650 1 4 _aHaciendas
_xHistoria
_zMéxico
_9276
650 1 4 _aHaciendas
_xTrabajos Ilustrados
_zMéxico
_93165
942 _2lcc
_cB
999 _c844
_d844